Ковчег: стихотворения и поэмы
| Hovedforfatter: | |
|---|---|
| Andre forfattere: | , |
| Summary: | Авт. указан на корешке Переводчики указаны в содержании В суперобложке. |
| Sprog: | russisk |
| Udgivet: |
Москва, Книга, 1990
|
| Fag: | |
| Format: | MixedMaterials Bog |
| KOHA link: | https://koha.lib.tpu.ru/cgi-bin/koha/opac-detail.pl?biblionumber=245835 |
MARC
| LEADER | 00000nam0a2200000 4500 | ||
|---|---|---|---|
| 001 | 245835 | ||
| 005 | 20231031211244.0 | ||
| 010 | |a 5212002753 |b 10000 экз. | ||
| 035 | |a (RuTPU)RU\TPU\book\267268 | ||
| 090 | |a 245835 | ||
| 100 | |a 20131119d1990 m y0rusy50 ca | ||
| 101 | 1 | |a rus |c arm | |
| 102 | |a RU | ||
| 105 | |a ac z 001gb | ||
| 200 | 1 | |a Ковчег |e стихотворения и поэмы |f Е. А. Чаренц |g сост., вступ.ст., примеч. Р. Ангаладяна ; ил. Ю. Перевезенцева | |
| 210 | |a Москва |c Книга |d 1990 | ||
| 215 | |a 381 с. |c ил., портр. |d 10,5 см. | ||
| 300 | |a Авт. указан на корешке | ||
| 300 | |a Переводчики указаны в содержании | ||
| 300 | |a В суперобложке. | ||
| 320 | |a Примечания: с. 359-372. | ||
| 600 | 1 | |a Чаренц |b Е. А. |c наст. фам. Согомонян |c армянский поэт |f 1897-1937 |g Егише Абгарович |2 stltpush |3 (RuTPU)RU\TPU\pers\31545 | |
| 610 | 1 | |a армянская литература | |
| 610 | 1 | |a поэзия | |
| 610 | 1 | |a 20 век | |
| 610 | 1 | |a миниатюрные издания | |
| 686 | |a Ч611.68 |v LBC/SL-A |2 rubbk | ||
| 700 | 1 | |a Чаренц |b Е. А. |c наст. фам. Согомонян |c армянский поэт |f 1897-1937 |g Егише Абгарович |2 stltpush |3 (RuTPU)RU\TPU\pers\31545 | |
| 702 | 1 | |a Ангаладян |b Р. |g Рубен |4 220 |4 080 | |
| 702 | 1 | |a Перевезенцев |b Ю. |g Юлий |4 440 | |
| 801 | 1 | |a RU |b 63413507 |c 20131119 | |
| 801 | 2 | |a RU |b 63413507 |c 20131119 |g RCR | |
| 942 | |c BK | ||